20 Random Countries are Shifted - Statistics

General Stats
  • This quiz has been taken 21 times
  • The average score is 14 of 20
Answers on the Map
Answers color-coded by a green-red scale on the quiz's map according to % correct below.
 
Answer Stats
Country % Correct
Afghanistan
100%
Albania
100%
Algeria
100%
Angola
100%
Argentina
100%
Azerbaijan
100%
Bangladesh
100%
Belarus
100%
Belgium
100%
Belize
100%
Bhutan
100%
Bolivia
100%
Brazil
100%
Cambodia
100%
Canada
100%
Cape Verde
100%
China
100%
Colombia
100%
Cuba
100%
Czech Republic
100%
Ecuador
100%
Egypt
100%
Estonia
100%
Ethiopia
100%
Fiji
100%
Finland
100%
France
100%
Georgia
100%
Ghana
100%
Greece
100%
Guatemala
100%
Guinea
100%
Guinea-Bissau
100%
Haiti
100%
Honduras
100%
Hungary
100%
Iran
100%
Iraq
100%
Israel
100%
Italy
100%
Jordan
100%
Kenya
100%
Laos
100%
Latvia
100%
Lithuania
100%
Luxembourg
100%
Malawi
100%
Mali
100%
Marshall Islands
100%
Mauritania
100%
Mexico
100%
Moldova
100%
Mongolia
100%
Montenegro
100%
Morocco
100%
Myanmar
100%
Nauru
100%
Nepal
100%
Netherlands
100%
New Zealand
100%
Niger
100%
North Korea
100%
Norway
100%
Pakistan
100%
Panama
100%
Papua New Guinea
100%
Paraguay
100%
Romania
100%
Saudi Arabia
100%
Serbia
100%
Slovenia
100%
Solomon Islands
100%
Somalia
100%
South Africa
100%
South Korea
100%
South Sudan
100%
Sweden
100%
Syria
100%
Tajikistan
100%
Tanzania
100%
Thailand
100%
Togo
100%
Tunisia
100%
Turkey
100%
Turkmenistan
100%
Uganda
100%
Ukraine
100%
United States
100%
Uruguay
100%
Uzbekistan
100%
Venezuela
100%
Yemen
100%
Zimbabwe
100%
Ireland
67%
Liberia
67%
North Macedonia
67%
Sudan
67%
United Arab Emirates
67%
Andorra
50%
Australia
50%
Barbados
50%
Cyprus
50%
Democratic Republic of the Congo
50%
Denmark
50%
Equatorial Guinea
50%
Gambia
50%
Lebanon
50%
Nigeria
50%
Philippines
50%
Portugal
50%
São Tomé and Príncipe
50%
Tuvalu
50%
Bahamas
40%
Antigua and Barbuda
33%
Ivory Coast
33%
United Kingdom
33%
Chile
25%
Armenia
0%
Austria
0%
Bahrain
0%
Benin
0%
Bosnia and Herzegovina
0%
Botswana
0%
Brunei
0%
Bulgaria
0%
Burkina Faso
0%
Burundi
0%
Cameroon
0%
Central African Republic
0%
Chad
0%
Comoros
0%
Costa Rica
0%
Croatia
0%
Djibouti
0%
Dominica
0%
Dominican Republic
0%
East Timor
0%
El Salvador
0%
Eritrea
0%
Eswatini
0%
Federated States of Micronesia
0%
Gabon
0%
Germany
0%
Grenada
0%
Guyana
0%
Iceland
0%
India
0%
Indonesia
0%
Jamaica
0%
Japan
0%
Kazakhstan
0%
Kiribati
0%
Kosovo
0%
Kuwait
0%
Kyrgyzstan
0%
Lesotho
0%
Libya
0%
Liechtenstein
0%
Madagascar
0%
Malaysia
0%
Maldives
0%
Malta
0%
Mauritius
0%
Monaco
0%
Mozambique
0%
Namibia
0%
Nicaragua
0%
Oman
0%
Palau
0%
Peru
0%
Poland
0%
Qatar
0%
Republic of the Congo
0%
Russia
0%
Rwanda
0%
Saint Kitts and Nevis
0%
Saint Lucia
0%
Saint Vincent and the Grenadines
0%
Samoa
0%
San Marino
0%
Senegal
0%
Seychelles
0%
Sierra Leone
0%
Singapore
0%
Slovakia
0%
Spain
0%
Sri Lanka
0%
Suriname
0%
Switzerland
0%
Taiwan
0%
Tonga
0%
Trinidad and Tobago
0%
Vanuatu
0%
Vatican City
0%
Vietnam
0%
Zambia
0%
No matching quizzes found
Score Distribution
Percent of People with Each Score
Percentile by Number Answered
Your Score History
You have not taken this quiz